000 00696nam a2200241 i 4500
001 66677
003 ES-MaACL
005 20230906165755.0
007 t|
008 930108s2002 sp ||||0| spa d
020 _a84-339-1347-6
080 _a830-4"19"
100 1 _aEnzensberger, Hans Magnus.
_947315
245 1 0 _aMediocridad y delirio /
_cHans Magnus Enzensberg ; traducción de Michael Faber-Kaiser.
250 _a2ª ed.
260 _aBarcelona :
_bAnagrama,
_c2002.
300 _a249 p. ;
_c22 cm.
490 1 _aArgumentos ;
_v117
700 1 _aFaber-Kaiser, Michael.
_948510
830 1 _aArgumentos ;
_v117
_9178418
852 _aES-MaACL
_jL-27153
999 _c66677
_d66677